ნორმალური ფორმატი
MARC ფორმატი
ჩანაწერი Corporate Name
ჩანაწერთა რაოდენობა, რომელიც გამოყენებულია: 1
001 - CONTROL NUMBER
- control field: 26431
003 - CONTROL NUMBER IDENTIFIER
- control field: GE_BSU
005 - DATE AND TIME OF LATEST TRANSACTION
- control field: 20251209202314.0
008 - FIXED-LENGTH DATA ELEMENTS
- fixed length control field: 251209|| aca||aabn | a|a d
040 ## - CATALOGING SOURCE
- Original cataloging agency: GE_BSU
- Transcribing agency: GE_BSU
110 ## - HEADING--CORPORATE NAME
- Corporate name or jurisdiction name as entry element: საქართველო. პარლამენტი. ეროვნული ბიბლიოთეკა.
- Subordinate unit: კორნელი კეკელიძის სახელობის ხელნაწერთა ეროვნული ცენტრი. გიორგი ლეონიძის სახელობის ქართული ლიტერატურის სახელმწიფო მუზეუმი.
670 ## - SOURCE DATA FOUND
- Source citation: Work cat.: (GE_BSU): ყიფიანი, დიმიტრი 26428, თხზულებანი : 10 ტომად. ტ. 3, ბატონყმობა. საბანკო-საკრედიტო საქმე. იურიდიული თხზულებები /
